书目信息 |
| 题名: |
做人生气不如争气
|
|
| 作者: | 陈纪刚 编著 | |
| 分册: | ||
| 出版信息: | 北京 中国致公出版社 2008.03 |
|
| 页数: | 290页 | |
| 开本: | 28cm | |
| 丛书名: | ||
| 单 册: | ||
| 中图分类: | B848.4-49 | |
| 科图分类: | ||
| 主题词: | 个性心理学 , 人格心理学 | |
| 电子资源: | ||
| ISBN: | 978-7-80179-653-0 | |
| 000 | 00594nam0 2200217 45 | |
| 001 | 0955760707 | |
| 005 | 20091014143807.59 | |
| 010 | @a978-7-80179-653-0@dCNY29.80 | |
| 100 | @a20090515d2008 ekmy0 y0120 ea | |
| 102 | @aCN@b130000 | |
| 105 | @ay z 000yy | |
| 200 | 1 | @a做人生气不如争气@f陈纪刚编著@Fchen ji gang bian zhu |
| 210 | @a北京@c中国致公出版社@d2008.03 | |
| 215 | @a290页@d28cm | |
| 606 | 0 | @a个性心理学 |
| 606 | 0 | @a人格心理学 |
| 690 | @aB848.4-49@v4 | |
| 701 | 0 | @a陈纪刚@Achen ji gang@4编著 |
| 801 | 0 | @aCN@c20091014 |
| 905 | @a10447@dB848.4-49@eC452 | |
| 906 | @d30@n3@r1 | |
| 做人生气不如争气/陈纪刚编著.-北京:中国致公出版社,2008.03 |
| 290页;28cm |
| ISBN 978-7-80179-653-0:CNY29.80 |
| ● |
| 相关链接 |
|
|
|
正题名:做人生气不如争气
索取号:B848.4-49/C452
 
预约/预借
| 序号 | 登录号 | 条形码 | 馆藏地/架位号 | 状态 | 备注 |
| 1 | 890353 | 208903533 | 社科库509/509社科库 51排7列6层/ [索取号:B848.4-49/C452] | 在馆 | |
| 2 | 890354 | 208903542 | 社科库509/509社科库 51排7列6层/ [索取号:B848.4-49/C452] | 在馆 | |
| 3 | 890355 | 208903551 | 社科库509/ [索取号:B848.4-49/C452] | 在馆 |